Statistiques concernant Le Monde par lettre - A

Cliquez ici pour prendre le quiz!

Statistiques générales

  • Ce quiz a été pris 523 fois
    (427 depuis la dernière actualisation)
  • Le résultat moyen est 10 sur 15

Statistiques - réponses

IndicesRéponses% Correct
Prénom de l'Allemand s'étant suicidé dans son bunker lors de sa défaite lors de la Seconde Guerre MondialeAdolf
91%
La troisième langue la plus parlée au mondeAnglais
87%
Continent gelé en permanenceAntarctique
87%
Plus grand continent du mondeAsie
87%
Pays partagé par le BrexitAngleterre
82%
Prénom de la chancelière d'AllemagneAngela
81%
La cinquième langue la plus parlée au mondeArabe
76%
Plus gros pays commençant par AAustralie
73%
Ancienne PrusseAllemagne
72%
Pays dans les CaraïbesAntigua-et-Barbuda
60%
Groupe de belligérants lors de la Seconde Guerre Mondiale (#1)Alliés
58%
Groupe de belligérants lors de la Seconde Guerre Mondiale (#2)Axe
50%
Organisation terroriste islamiste prônant le salafiste-djihadiste étant responsable des attentats terroristes de 2001 à New YorkAl-Qaïda
47%
République semi-présidentielle ayant déclaré son indépendance de la Géorgie en 1992. Cet État n'est reconnu que par cinq pays : la Russie, le Nicaragua, le Venezuela, la Syrie et Nauru (?)Abkhazie
19%
Prénom de l'ayatollah d'IranAli
14%

Distribution des résultats

Percentile par nombre de réponses

% des personnes avec chaque résultat

Votre développement - résultats

Vous n’avez pas pris ce quiz depuis la dernière actualisation